<?xml version="1.0" encoding="UTF-8"?>
<marc:record xmlns:marc="http://www.loc.gov/MARC21/slim">
   <marc:leader>00000nam a2200000 a 4500</marc:leader>
   <marc:datafield ind1="0" ind2="0" tag="245">
      <marc:subfield code="a">Vision</marc:subfield>
   </marc:datafield>
   <marc:datafield ind1="0" ind2="0" tag="245">
      <marc:subfield code="b">Aus dem Leben der Hildegard von Bingen</marc:subfield>
   </marc:datafield>
   <marc:datafield ind1=" " ind2="1" tag="264">
      <marc:subfield code="a">Grünwald</marc:subfield>
      <marc:subfield code="b">Concorde</marc:subfield>
      <marc:subfield code="c">2010</marc:subfield>
   </marc:datafield>
   <marc:datafield ind1="1" ind2=" " tag="520">
      <marc:subfield code="a">Schon als Kind empfängt Hildegard Visionen und wird im Alter von acht Jahren in ein Benediktinerkloster gebracht. Dort hält der strenge Abt Kuno das Zepter fest in der Hand und übergibt das Mädchen schließlich an ihre Mentorin Jutta von Sponheim. Sie fördert nicht nur Hildegards musikalische Begabung, sondern bringt ihr christliche Werte, Lesen, Schreiben und viel Wissen über die Heilkraft der Kräuter bei.</marc:subfield>
   </marc:datafield>
   <marc:datafield ind1=" " ind2=" " tag="020">
      <marc:subfield code="a">4010324027467</marc:subfield>
      <marc:subfield code="9">4010324027467</marc:subfield>
   </marc:datafield>
   <marc:datafield ind1=" " ind2=" " tag="041">
      <marc:subfield code="a">ger</marc:subfield>
   </marc:datafield>
   <marc:datafield ind1="0" ind2=" " tag="490">
      <marc:subfield code="v">0</marc:subfield>
   </marc:datafield>
   <marc:datafield ind1=" " ind2=" " tag="300">
      <marc:subfield code="a">ca. 106 Min.</marc:subfield>
   </marc:datafield>
</marc:record>
